[Event "EU-ch (Women) 8th"]
[Site "Dresden"]
[Date "2007.04.14"]
[Round "11"]
[White "Naumann, Nadine"]
[Black "Shmirina, Galina"]
[Result "0-1"]
[WhiteElo "2018"]
[BlackElo "2115"]
[PlyCount "102"]
[EventDate "2007.04.03"]
[EventType "swiss"]
[EventRounds "11"]
[EventCountry "GER"]
[SourceTitle "CBM 117 Extra"]
[Source "ChessBase"]
[SourceDate "2007.05.09"]
[SourceVersion "1"]
[SourceVersionDate "2007.05.09"]
[SourceQuality "1"]

1. e4 e6 2. d3 d5 3. Nd2 Nf6 4. Ngf3 Be7 5. g3 0-0 6. Bg2 c5 7. 0-0 Nc6 8. Re1 dxe4 9. dxe4 e5 10. c3 Qc7 11. Qc2 h6 12. Nc4 b5 13. Ne3 Be6 14. Nf5 Rfd8 15. Nxe7+ Qxe7 16. Nh4 Rac8 17. Bf1 c4 18. Ng2 Nd7 19. f3 Nc5 20. Be3 Rd7 21. Red1 Rcd8 22. Rxd7 Rxd7 23. Rd1 Rxd1 24. Qxd1 Na4 25. Qc1 a6 26. Be2 Qd6 27. f4 Bc8 28. Nh4 Nc5 29. Bxc5 Qxc5+ 30. Kg2 exf4 31. gxf4 Qe7 32. Kg3 Qxe4 33. Bf3 Qe6 34. f5 Qd6+ 35. Qf4 Ne5 36. Be4 Qf6 37. Nf3 Nxf3 38. Kxf3 Bd7 39. Qb8+ Kh7 40. Qf4 Bc6 41. Bxc6 Qxc6+ 42. Qe4 Qxe4+ 43. Kxe4 g5 44. b3 h5 45. bxc4 bxc4 46. Ke5 Kg7 47. h3 h4 48. Ke4 Kf6 49. a3 g4 50. hxg4 Kg5 51. Kf3 f6 0-1

[Event "EU-ch (Women) 8th"]
[Site "Dresden"]
[Date "2007.04.07"]
[Round "5"]
[White "Shmirina, Galina"]
[Black "Ptacnikova, Lenka"]
[Result "0-1"]
[WhiteElo "2115"]
[BlackElo "2308"]
[PlyCount "132"]
[EventDate "2007.04.03"]
[EventType "swiss"]
[EventRounds "11"]
[EventCountry "GER"]
[SourceTitle "CBM 117 Extra"]
[Source "ChessBase"]
[SourceDate "2007.05.09"]
[SourceVersion "1"]
[SourceVersionDate "2007.05.09"]
[SourceQuality "1"]

1. d4 Nf6 2. Nf3 e6 3. Bf4 c5 4. c3 Be7 5. e3 0-0 6. Nbd2 cxd4 7. exd4 b6 8. h3 d6 9. Be2 Ba6 10. 0-0 Bxe2 11. Qxe2 Nbd7 12. Nc4 Qc7 13. a4 a6 14. Ncd2 Qb7 15. Nc4 Qc6 16. Na3 Qxa4 17. Nc2 Qb5 18. Qxb5 axb5 19. Nb4 Rfe8 20. Nc6 Kf8 21. Na7 Nd5 22. Bg3 Nc7 23. Nd2 Nf6 24. f3 Nfd5 25. Rfe1 f5 26. Nc6 Rxa1 27. Rxa1 Ra8 28. Rxa8+ Nxa8 29. Nb1 Nac7 30. Na3 Ke8 31. Nc2 Na6 32. Kf1 Kd7 33. Nxe7 Kxe7 34. Ke2 g5 35. Kd3 Kd7 36. b3 Kc6 37. Bh2 h6 38. Bg3 Nac7 39. Bh2 Ne8 40. Kd2 Nef6 41. c4 bxc4 42. bxc4 Ne7 43. Nb4+ Kd7 44. Kc3 f4 45. Bg1 Nf5 46. Bf2 Kc7 47. Nd3 Nd7 48. Kb4 Kc6 49. Ka4 Ne7 50. Nb4+ Kb7 51. Kb5 Nf6 52. Nd3 Ne8 53. h4 Nc7+ 54. Ka4 Nf5 55. hxg5 hxg5 56. Kb4 Kc6 57. Nc1 b5 58. Ne2 bxc4 59. Kxc4 Nd5 60. g3 fxg3 61. Nxg3 Nh4 62. Ne4 Nxf3 63. Bg3 Ne3+ 64. Kd3 Nf5 65. Bf2 g4 66. Ng3 N3xd4 0-1

[Event "EU-ch (Women) 8th"]
[Site "Dresden"]
[Date "2007.04.05"]
[Round "3"]
[White "Shmirina, Galina"]
[Black "Medic, Mirjana"]
[Result "0-1"]
[WhiteElo "2115"]
[BlackElo "2260"]
[PlyCount "58"]
[EventDate "2007.04.03"]
[EventType "swiss"]
[EventRounds "11"]
[EventCountry "GER"]
[SourceTitle "CBM 117 Extra"]
[Source "ChessBase"]
[SourceDate "2007.05.09"]
[SourceVersion "1"]
[SourceVersionDate "2007.05.09"]
[SourceQuality "1"]

1. d4 e6 2. Nf3 f5 3. c4 Nf6 4. g3 d5 5. Bf4 c6 6. Bg2 Be7 7. 0-0 0-0 8. Nbd2 Ne4 9. Rc1 Nd7 10. c5 g5 11. Be5 g4 12. Ne1 Nxe5 13. Bxe4 Ng6 14. Bg2 Bf6 15. Nb1 Qe7 16. f4 gxf3 17. Nxf3 e5 18. e3 exd4 19. exd4 Qg7 20. Qd2 Bd7 21. Rce1 Rae8 22. Nc3 h5 23. Kh1 Kh8 24. Rg1 Rg8 25. Bh3 Rxe1 26. Rxe1 h4 27. gxh4 Nxh4 28. Rg1 Qxg1+ 29. Nxg1 Rxg1+ 0-1

[Event "EU-ch (Women) 8th"]
[Site "Dresden"]
[Date "2007.04.04"]
[Round "2"]
[White "Ionica, Iulia Ionela"]
[Black "Shmirina, Galina"]
[Result "1/2-1/2"]
[WhiteElo "2243"]
[BlackElo "2115"]
[PlyCount "53"]
[EventDate "2007.04.03"]
[EventType "swiss"]
[EventRounds "11"]
[EventCountry "GER"]
[SourceTitle "CBM 117 Extra"]
[Source "ChessBase"]
[SourceDate "2007.05.09"]
[SourceVersion "1"]
[SourceVersionDate "2007.05.09"]
[SourceQuality "1"]

1. e4 e6 2. d4 d5 3. Nd2 Nf6 4. e5 Nfd7 5. Bd3 c5 6. c3 Nc6 7. Ne2 cxd4 8. cxd4 f6 9. exf6 Nxf6 10. Nf3 Bd6 11. 0-0 Qc7 12. Bg5 0-0 13. Bh4 g6 14. Bg3 Nh5 15. Bxd6 Qxd6 16. Qd2 Nf4 17. Qe3 Nxe2+ 18. Bxe2 Qf4 19. Qxf4 Rxf4 20. Rad1 Bd7 21. g3 Rf6 22. Nh4 g5 23. Ng2 Be8 24. b3 Bg6 25. Rd2 Kg7 26. Rc1 a6 27. Bg4 1/2-1/2

[Event "Dresden ZMD op"]
[Site "Dresden"]
[Date "2006.08.08"]
[Round "4"]
[White "Shmirina, Galina"]
[Black "Langer, Wolfgang2222"]
[Result "1-0"]
[WhiteElo "2128"]
[BlackElo "2021"]
[PlyCount "79"]
[EventDate "2006.08.05"]
[EventType "swiss"]
[EventRounds "9"]
[EventCountry "GER"]
[SourceTitle "CBM 113 Extra"]
[Source "ChessBase"]
[SourceDate "2006.09.14"]
[SourceVersion "1"]
[SourceVersionDate "2006.09.14"]
[SourceQuality "1"]

1. d4 d6 2. Nf3 Nd7 3. Bf4 Ngf6 4. e3 g6 5. c3 Bg7 6. h3 0-0 7. Nbd2 c6 8. Be2 Re8 9. 0-0 e5 10. dxe5 dxe5 11. Bh2 e4 12. Nd4 a6 13. Nc4 c5 14. Nc2 b5 15. Nd6 Re6 16. a4 Ne8 17. Nxe8 Rxe8 18. axb5 a5 19. Qd5 Ra7 20. Rfd1 Qe7 21. Bd6 Qh4 22. Bg3 Qe7 23. Qd6 Qg5 24. Rd5 Qd8 25. Rdd1 Bf8 26. Qd2 h5 27. Na3 Qf6 28. Nc4 h4 29. Bh2 Nb6 30. Nxa5 Be6 31. Nc6 Rxa1 32. Rxa1 Qg5 33. Bf4 Qf6 34. Be5 Qg5 35. Bf4 Qf6 36. Bg4 Bxg4 37. hxg4 Qe6 38. Qe2 Nc4 39. Ra6 Bg7 40. Na5 1-0

[Event "BL 0405 (Women)"]
[Site "Germany"]
[Date "2005.02.20"]
[Round "7.6"]
[White "Lehmann, Christina"]
[Black "Shmirina, Galina"]
[Result "1-0"]
[WhiteElo "2129"]
[BlackElo "2128"]
[PlyCount "81"]
[EventDate "2004.11.06"]
[EventType "team-tourn"]
[EventRounds "11"]
[EventCountry "GER"]
[SourceTitle "EXT 2006"]
[Source "ChessBase"]
[SourceDate "2005.11.24"]
[SourceVersion "1"]
[SourceVersionDate "2005.11.24"]
[SourceQuality "1"]
[WhiteTeam "Grosslehna (W)"]
[BlackTeam "Dresden SC (W)"]
[WhiteTeamCountry "GER"]
[BlackTeamCountry "GER"]

1. d4 d5 2. c4 e6 3. Nc3 Nf6 4. cxd5 exd5 5. Bg5 Be7 6. Qc2 c6 7. e3 Nbd7 8. Bd3 0-0 9. Nf3 Re8 10. 0-0 Nf8 11. Bxf6 Bxf6 12. b4 a6 13. a4 Bg4 14. Nd2 Bh5 15. Nb3 Bg6 16. Bxg6 Nxg6 17. Nc5 Qc8 18. Ne2 h5 19. h3 Nh4 20. Ng3 g6 21. Rfc1 Qc7 22. Rab1 Bg5 23. Nf1 Nf5 24. Qd3 Nd6 25. Rc2 Qe7 26. Re1 Ne4 27. Nxe4 dxe4 28. Qb3 Bh6 29. Rec1 Bf8 30. b5 axb5 31. axb5 Ra3 32. Qc4 Rea8 33. bxc6 bxc6 34. Qxc6 R3a6 35. Qb5 Ra5 36. Qb3 Ra3 37. Qb6 R3a6 38. Qc7 Qg5 39. Qd7 Bd6 40. Rc8+ Rxc8 41. Qxc8+ 1-0

[Event "BL 0405 (Women)"]
[Site "Germany"]
[Date "2004.12.04"]
[Round "3.5"]
[White "Shmirina, Galina"]
[Black "Hauer, Nadine"]
[Result "1/2-1/2"]
[WhiteElo "2128"]
[BlackElo "2078"]
[PlyCount "65"]
[EventDate "2004.11.06"]
[EventType "team-tourn"]
[EventRounds "11"]
[EventCountry "GER"]
[SourceTitle "EXT 2006"]
[Source "ChessBase"]
[SourceDate "2005.11.24"]
[SourceVersion "1"]
[SourceVersionDate "2005.11.24"]
[SourceQuality "1"]
[WhiteTeam "Dresden SC (W)"]
[BlackTeam "Leipzig WBA (W)"]
[WhiteTeamCountry "GER"]
[BlackTeamCountry "GER"]

1. d4 Nf6 2. Bg5 Ne4 3. Bf4 d5 4. Nd2 Bf5 5. e3 e6 6. Bd3 Nxd2 7. Qxd2 Bxd3 8. Qxd3 c5 9. Nf3 Qa5+ 10. c3 Nc6 11. 0-0 Be7 12. Ne5 Bf6 13. Nxc6 bxc6 14. Bd6 c4 15. Qc2 Qd8 16. Bc5 Qc7 17. b3 cxb3 18. axb3 Be7 19. Bxe7 Kxe7 20. b4 g6 21. Ra6 Rhb8 22. Rfa1 Rb6 23. Qa4 Rxa6 24. Qxa6 Kd7 25. Ra5 Qc8 26. Qxc8+ Kxc8 27. Kf1 Kb7 28. Ke2 Kb6 29. Kd3 Rd8 30. f3 Rf8 31. c4 f5 32. c5+ Kb7 33. f4 1/2-1/2

[Event "Dresden ZMD op"]
[Site "Dresden"]
[Date "2004.07.23"]
[Round "9"]
[White "Shmirina, Galina"]
[Black "Heck, Norbert"]
[Result "1-0"]
[WhiteElo "2128"]
[BlackElo "2320"]
[PlyCount "127"]
[EventDate "2004.07.15"]
[EventType "tourn"]
[EventRounds "9"]
[EventCountry "GER"]
[SourceTitle "EXT 2006"]
[Source "ChessBase"]
[SourceDate "2005.11.24"]
[SourceVersion "1"]
[SourceVersionDate "2005.11.24"]
[SourceQuality "1"]

1. d4 g6 2. c4 Bg7 3. Nc3 d6 4. g3 Nf6 5. Bg2 0-0 6. e3 c6 7. Nge2 a5 8. 0-0 Na6 9. b3 e5 10. Bb2 Qc7 11. Rc1 Re8 12. Nb5 Qb8 13. Nbc3 Be6 14. a3 Qc7 15. Qc2 Rab8 16. Rfd1 h5 17. c5 dxc5 18. dxe5 Ng4 19. Ne4 Nxe5 20. f4 Nd7 21. Bxg7 Kxg7 22. Qc3+ Kh6 23. Nd6 Re7 24. e4 Bg4 25. Qd2 Nf8 26. f5+ Kh7 27. h3 Bxe2 28. Qxe2 Nd7 29. g4 hxg4 30. hxg4 g5 31. f6 Nxf6 32. Qf3 Ng8 33. Qf5+ Kg7 34. Qxg5+ Kf8 35. e5 c4 36. Be4 Qb6+ 37. Kg2 Re6 38. Bh7 Nh6 39. Bf5 Qd8 40. Qxd8+ Rxd8 41. Bxe6 fxe6 42. Rxc4 Rd7 43. Rh1 Kg7 44. Rf1 Nc7 45. Kg3 Nd5 46. Rf3 Ng8 47. Rc5 Nge7 48. Rc1 b5 49. Rf7+ Kg6 50. Rf8 b4 51. a4 Nc3 52. Rh1 Ned5 53. Rg8+ Rg7 54. Rxg7+ Kxg7 55. Nc4 Ne2+ 56. Kf2 Nef4 57. Nxa5 Nd3+ 58. Kg3 Nxe5 59. Nb7 Nc3 60. a5 Kf6 61. a6 Nb5 62. Nc5 Nf7 63. Rd1 Ne5 64. Nd7+ 1-0

[Event "Dresden ZMD op"]
[Site "Dresden"]
[Date "2004.07.21"]
[Round "7"]
[White "Shmirina, Galina"]
[Black "Schauer, Gerhard"]
[Result "1/2-1/2"]
[WhiteElo "2128"]
[BlackElo "1803"]
[PlyCount "118"]
[EventDate "2004.07.15"]
[EventType "tourn"]
[EventRounds "9"]
[EventCountry "GER"]
[SourceTitle "EXT 2006"]
[Source "ChessBase"]
[SourceDate "2005.11.24"]
[SourceVersion "1"]
[SourceVersionDate "2005.11.24"]
[SourceQuality "1"]

1. d4 d5 2. Nf3 e6 3. Bf4 Nd7 4. e3 Ngf6 5. Bd3 c5 6. c3 Be7 7. 0-0 Qb6 8. Qc2 Nh5 9. Be5 Nxe5 10. dxe5 g6 11. Nbd2 Bd7 12. Rfd1 Rc8 13. Rac1 c4 14. Bf1 Qc7 15. e4 b5 16. a3 g5 17. exd5 exd5 18. Re1 Nf4 19. Nd4 a6 20. Nf5 Bxf5 21. Qxf5 Qd7 22. Qxd7+ Kxd7 23. Nf3 Bc5 24. Rcd1 Kc6 25. g3 Ne6 26. Bh3 Rcg8 27. Bg2 Rd8 28. Rd2 Kb6 29. Bh3 Rhg8 30. Bf5 g4 31. Bxe6 fxe6 32. Nd4 Bxd4 33. Rxd4 Kc5 34. Kg2 Rdf8 35. Rf4 h5 36. Rd1 Rf5 37. Rxf5 exf5 38. f4 gxf3+ 39. Kxf3 Rg4 40. Rd2 Re4 41. Re2 a5 42. h3 Kc6 43. Rg2 Rxe5 44. Kf4 Kd6 45. Kg5 Ke6 46. Kxh5 Kf6 47. Kh6 Re3 48. h4 Re4 49. Rd2 Ke5 50. h5 Re3 51. g4 fxg4 52. Kg7 Rd3 53. Re2+ Kf4 54. h6 Rh3 55. h7 g3 56. h8Q Rxh8 57. Kxh8 Kf3 58. Re6 g2 59. Rg6 Kf2 1/2-1/2

[Event "Dresden ZMD op"]
[Site "Dresden"]
[Date "2004.07.17"]
[Round "3"]
[White "Shmirina, Galina"]
[Black "Voigt, Roland"]
[Result "1/2-1/2"]
[WhiteElo "2128"]
[BlackElo "2371"]
[PlyCount "108"]
[EventDate "2004.07.15"]
[EventType "tourn"]
[EventRounds "9"]
[EventCountry "GER"]
[SourceTitle "EXT 2006"]
[Source "ChessBase"]
[SourceDate "2005.11.24"]
[SourceVersion "1"]
[SourceVersionDate "2005.11.24"]
[SourceQuality "1"]

1. d4 Nf6 2. Bg5 Ne4 3. Bf4 d5 4. e3 Bf5 5. Nd2 Nxd2 6. Qxd2 e6 7. Bd3 Bxd3 8. Qxd3 c6 9. Nf3 Bd6 10. Bg3 Qe7 11. Qb3 Bxg3 12. hxg3 a5 13. a3 Qc7 14. Qd3 h6 15. g4 Nd7 16. g5 c5 17. dxc5 Qxc5 18. Qd4 Qxd4 19. Nxd4 Ke7 20. gxh6 gxh6 21. 0-0-0 Rag8 22. Rh2 Rg6 23. Ne2 Ne5 24. Nf4 Rg5 25. Nd3 Ng4 26. Rhh1 b6 27. Rhe1 Nf6 28. Nf4 Rc8 29. f3 h5 30. Rh1 b5 31. Rh2 Rc4 32. Ne2 Nd7 33. Nd4 b4 34. axb4 axb4 35. Kd2 e5 36. Ne2 Rg8 37. Ra1 Rgc8 38. c3 Nf6 39. Ra7+ Kf8 40. Rh1 Rb8 41. Rc1 bxc3+ 42. bxc3 Rb2+ 43. Rc2 Rxc2+ 44. Kxc2 Rh4 45. f4 Ng4 46. g3 Rh2 47. Kd2 Kg7 48. Ra5 exf4 49. exf4 Nf6 50. Kd3 Kg6 51. Ra6 Kg7 52. Rd6 Rg2 53. Rd8 Kg6 54. Rd6 Kg7 1/2-1/2

[Event "EU-ch (Women) 5th"]
[Site "Dresden"]
[Date "2004.03.22"]
[Round "2"]
[White "Pogonina, Natalija"]
[Black "Shmirina, Galina"]
[Result "1-0"]
[WhiteElo "2382"]
[BlackElo "2120"]
[PlyCount "109"]
[EventDate "2004.03.21"]
[EventType "swiss"]
[EventRounds "12"]
[EventCountry "GER"]
[SourceTitle "CBM 099 Extra"]
[Source "ChessBase"]
[SourceDate "2004.05.04"]
[SourceVersion "1"]
[SourceVersionDate "2004.05.04"]
[SourceQuality "1"]

1. e4 e6 2. d4 d5 3. Nd2 Nf6 4. e5 Nfd7 5. Bd3 c5 6. c3 Nc6 7. Ne2 cxd4 8. cxd4 f6 9. exf6 Nxf6 10. 0-0 Bd6 11. Nf3 Qc7 12. Bg5 0-0 13. Bh4 Nh5 14. Qc2 h6 15. Bh7+ Kh8 16. Bg6 Rxf3 17. Bxh5 Rf8 18. Bg3 Bxg3 19. hxg3 Qb6 20. Rad1 Bd7 21. Qd2 Qb4 22. Nf4 Qxd2 23. Rxd2 Rf6 24. Bg4 g5 25. Nxd5 exd5 26. Bxd7 Raf8 27. Re1 R8f7 28. Re8+ Kh7 29. Bg4 Re7 30. Rxe7+ Nxe7 31. Rc2 Rc6 32. Re2 Rc1+ 33. Kh2 Nc6 34. Bf3 Nxd4 35. Re7+ Kg6 36. Bxd5 Rf1 37. f3 b6 38. Rxa7 Rf2 39. b3 Kf6 40. Be4 Nf5 41. Bxf5 Kxf5 42. Ra6 h5 43. a4 g4 44. fxg4+ hxg4 45. Rxb6 Rf1 46. a5 Ra1 47. b4 Ke5 48. a6 Ke4 49. b5 Ke3 50. Rb7 Kf2 51. Rf7+ Ke2 52. a7 Ra5 53. b6 Rh5+ 54. Kg1 Ra5 55. Rf8 1-0

[Event "EU-ch (Women) 5th"]
[Site "Dresden"]
[Date "2004.03.21"]
[Round "1"]
[White "Shmirina, Galina"]
[Black "Ciuksyte, Dagne"]
[Result "1-0"]
[WhiteElo "2120"]
[BlackElo "2392"]
[PlyCount "79"]
[EventDate "2004.03.21"]
[EventType "swiss"]
[EventRounds "12"]
[EventCountry "GER"]
[SourceTitle "CBM 099 Extra"]
[Source "ChessBase"]
[SourceDate "2004.05.04"]
[SourceVersion "1"]
[SourceVersionDate "2004.05.04"]
[SourceQuality "1"]

1. d4 Nf6 2. Bg5 d5 3. Bxf6 exf6 4. e3 Bd6 5. Bd3 0-0 6. Ne2 f5 7. g3 g6 8. c4 dxc4 9. Bxc4 c6 10. 0-0 Nd7 11. Nbc3 Nf6 12. Nf4 Kg7 13. Rc1 Bd7 14. a3 Qe7 15. Qe2 h5 16. b4 h4 17. d5 hxg3 18. hxg3 Rh8 19. Kg2 Bxf4 20. exf4 Qxe2 21. Bxe2 cxd5 22. Bf3 d4 23. Nb1 Bb5 24. Rfd1 Rad8 25. Bxb7 Ne4 26. Bc6 Be2 27. Rh1 Rxh1 28. Rxh1 d3 29. Ba4 d2 30. Bd1 Bxd1 31. Rxd1 Rc8 32. Nxd2 Rd8 33. Nxe4 Rxd1 34. Nc5 Rc1 35. Kh3 Kf6 36. Kg2 Ke7 37. Kh3 Kd6 38. Nd3 Rc3 39. Ne5 Rxa3 40. Nc4+ 1-0

[Event "Dresden ZMD op"]
[Site "Dresden"]
[Date "2003.07.29"]
[Round "5"]
[White "Beltz, Carmen"]
[Black "Shmirina, Galina"]
[Result "1-0"]
[WhiteElo "1713"]
[BlackElo "2112"]
[PlyCount "95"]
[EventDate "2003.07.25"]
[EventType "swiss"]
[EventRounds "9"]
[EventCountry "GER"]
[SourceTitle "EXT 2004"]
[Source "ChessBase"]
[SourceDate "2003.11.25"]
[SourceVersion "1"]
[SourceVersionDate "2003.11.25"]
[SourceQuality "1"]

1. e4 e6 2. d4 d5 3. Nd2 Nf6 4. e5 Nfd7 5. Bd3 c5 6. c3 Nc6 7. Ndf3 cxd4 8. cxd4 f6 9. Ne2 fxe5 10. dxe5 Ndxe5 11. Nxe5 Nxe5 12. Bc2 Bc5 13. Bf4 Qf6 14. 0-0 Bd7 15. Rc1 Rc8 16. Bg3 0-0 17. Nf4 Nf7 18. Qd3 Qh6 19. Rce1 Ng5 20. h4 Ne4 21. Rxe4 dxe4 22. Qxd7 Rfd8 23. Qxe6+ Qxe6 24. Nxe6 Rd2 25. Bxe4 Rxb2 26. Bd5 Bb6 27. Ng5+ Kf8 28. Nxh7+ Ke7 29. Re1+ Kd8 30. Ng5 Rcc2 31. Nf7+ Kd7 32. Be6+ Kc6 33. Ne5+ Kb5 34. Nd3 Re2 35. Rxe2 Rxe2 36. Bb3 Bd4 37. Kf1 Re7 38. Nf4 Re8 39. Ne6 Bb6 40. Nxg7 Rc8 41. h5 Rc1+ 42. Ke2 Rh1 43. Bf4 Rh4 44. g3 Rh2 45. Be3 Bc7 46. Kf3 Be5 47. h6 Kc6 48. g4 1-0

[Event "BL2 West 0203 (Women)"]
[Site "Germany"]
[Date "2002.??.??"]
[Round "2"]
[White "Kolbe, Jana"]
[Black "Shmirina, Galina"]
[Result "1/2-1/2"]
[WhiteElo "2030"]
[BlackElo "2086"]
[PlyCount "91"]
[EventDate "2002.10.??"]
[EventType "team-tourn"]
[EventRounds "7"]
[EventCountry "GER"]
[SourceTitle "EXT 2006"]
[Source "ChessBase"]
[SourceDate "2005.11.24"]
[SourceVersion "1"]
[SourceVersionDate "2005.11.24"]
[SourceQuality "1"]

1. d4 d5 2. c4 e6 3. Nc3 Nf6 4. Bg5 Be7 5. e3 0-0 6. Nf3 h6 7. Bh4 b6 8. cxd5 exd5 9. Qc2 Bb7 10. Bd3 Nbd7 11. 0-0 c5 12. Rfd1 Rc8 13. Bf5 c4 14. Ne5 Ra8 15. Nxd7 Nxd7 16. Bxe7 Qxe7 17. e4 dxe4 18. Nxe4 Nf6 19. Re1 Rfe8 20. Nxf6+ Qxf6 21. Be4 Bxe4 22. Rxe4 Rxe4 23. Qxe4 Rd8 24. Rd1 Qd6 25. d5 b5 26. h3 a6 27. Qd4 Re8 28. b3 cxb3 29. axb3 a5 30. Qd3 Qd7 31. d6 Rd8 32. Qd4 a4 33. bxa4 bxa4 34. Qb4 Qc6 35. Rd4 Qc1+ 36. Kh2 a3 37. Rc4 Qb2 38. Qa5 Qf6 39. Qxa3 Qxd6+ 40. Qxd6 Rxd6 41. Rc7 Kf8 42. g4 Rd3 43. Kg2 Ke8 44. Rb7 Ra3 45. Rc7 Rd3 46. Rb7 1/2-1/2

[Event "BL2 Ost 0001 (Women)"]
[Site "Germany"]
[Date "2001.??.??"]
[Round "?"]
[White "Shmirina, Galina"]
[Black "Kludacz, Magdalena"]
[Result "1/2-1/2"]
[WhiteElo "2045"]
[BlackElo "2203"]
[PlyCount "81"]
[EventDate "2000.??.??"]
[EventType "team-tourn"]
[EventRounds "7"]
[EventCountry "GER"]
[SourceTitle "EXT 2002"]
[Source "ChessBase"]
[SourceDate "2001.11.25"]
[SourceVersion "1"]
[SourceVersionDate "2001.11.25"]
[SourceQuality "1"]

1. d4 d5 2. Nf3 c6 3. Bf4 Nf6 4. e3 Bg4 5. Bd3 Qb6 6. Qc1 Nbd7 7. Nbd2 Nh5 8. Bg3 Nxg3 9. hxg3 e6 10. c4 dxc4 11. Nxc4 Bb4+ 12. Nfd2 Qc7 13. a3 Be7 14. Nf3 Bxf3 15. gxf3 c5 16. Nd2 Rc8 17. dxc5 Nxc5 18. Bb5+ Nd7 19. Qxc7 Rxc7 20. Rd1 0-0 21. Bd3 h6 22. f4 Bf6 23. g4 Bxb2 24. g5 Nc5 25. Bb1 Bxa3 26. gxh6 gxh6 27. Rxh6 f5 28. Ke2 b5 29. Nf3 Bb2 30. Rdh1 Bf6 31. Nd4 b4 32. Ba2 b3 33. Bxb3 Nxb3 34. Nxb3 Rc2+ 35. Kf3 Rf7 36. Nd4 Bxd4 37. exd4 Rc3+ 38. Ke2 Rc2+ 39. Kf3 Rc3+ 40. Ke2 Rc2+ 41. Kf3 1/2-1/2